Tajomstvá arcibiskupskej knižnice v Kroměříži alebo po stopách francúzskej kultúry

Recenzia na monografiu, ktorej cieľom je zmapovať rozsah a tematické zameranie francúzsky písaných textov (pôvodných ako aj do francúzštiny preložených), prítomných v arcibiskupskej zámockej knižnici v Kroměříži.

Uložené v:
Podrobná bibliografia
Hlavný autor: Tureková, Andrea, 1979-
Médium: Kapitola
Jazyk:Slovak
Predmet:
Tagy: Pridať tag
Žiadne tagy, Buďte prvý, kto otaguje tento záznam!

MARC

LEADER 00000nla a2200000 4500
001 0238608
005 20240502073848.6
041 0 |a slo 
044 |a SK 
245 1 0 |a Tajomstvá arcibiskupskej knižnice v Kroměříži alebo po stopách francúzskej kultúry  |c Andrea Tureková 
520 |a Recenzia na monografiu, ktorej cieľom je zmapovať rozsah a tematické zameranie francúzsky písaných textov (pôvodných ako aj do francúzštiny preložených), prítomných v arcibiskupskej zámockej knižnici v Kroměříži. 
610 2 0 |a jazyky cudzie 
610 2 0 |a francúzština 
610 2 0 |a literatúra 
610 2 0 |a kultúra 
100 1 |a Tureková, Andrea, 1979-